[Event "Colorado Cowboy Showdown"]
[Site "SchemingMind.com"]
[Date "2010.06.02"]
[Round "-"]
[White "jtrochez1"]
[Black "lemmie"]
[Result "0-1"]
[WhiteCountry "HON"]
[BlackCountry "NED"]
[WhiteElo "1578"]
[WhiteRD "52"]
[BlackElo "1807"]
[BlackRD "56"]
[GameID "250703"]

1. e4 Nc6 2. Nf3 f5 3. d3 e5 4. Nc3 d6 5. h3 Nf6 6. a3 Be7 7. Be2 O-O 8. Bg5 Nd4 9. Bxf6 Bxf6 10. Nd5 Bg5
11. Nxd4 exd4 12. Nb4 c5 13. Nd5 Qa5+ 14. b4 Qd8 15. f4 Bh4+ 16. Kd2 fxe4 17. dxe4 b6 18. Bc4 Kh8 19. c3 dxc3+ 20. Nxc3 Rxf4
21. g4 Qg5 22. Kc2 Rf2+ 23. Kb1 Qe5 24. Qb3 Bb7 25. Bd5 c4 26. Qxc4 Rc8 27. Qb5 Qxc3 28. Ra2 Rxa2
0-1

[Event "Colorado Cowboy Showdown"]
[Site "SchemingMind.com"]
[Date "2010.06.02"]
[Round "-"]
[White "jtrochez1"]
[Black "memet"]
[Result "0-1"]
[WhiteCountry "HON"]
[BlackCountry "TUR"]
[WhiteElo "1559"]
[WhiteRD "51"]
[BlackElo "1630"]
[BlackRD "67"]
[GameID "250704"]

1. e4 Nc6 2. Nf3 f5 3. e5 e6 4. d4 d6 5. Bb5 Bd7 6. Be2 dxe5 7. dxe5 Bb4+ 8. c3 Ba5 9. Na3 Nge7 10. Nc4 O-O
11. Nxa5 Nxa5 12. Bd2 c5 13. c4 Qb6 14. b3 Nac6 15. O-O Rad8 16. Qc1 Ng6 17. Bc3 Qc7 18. Qb2 a5 19. a3 Na7 20. b4 cxb4
21. axb4 a4 22. b5 Nc8 23. Rxa4 Nb6 24. Rb4 Rc8 25. Nd2 Nf4 26. Re1 h5 27. Bf3 Nd3 28. Qb1 Nxe1 29. Qxe1 g6 30. Qe2 Kf7
31. Rb1 Nxc4 32. Nxc4 Qxc4 33. Qxc4 Rxc4 34. Bd2 Rb8 35. h3 Rc5 36. b6 Rb5 37. Rxb5 Bxb5 38. Bb4 Bc6 39. Bd6 Ra8 40. Bxc6 bxc6
41. Bc7 Ke8 42. f4 Kd7 43. b7 Ra1+ 44. Kh2 Kxc7
0-1

[Event "Colorado Cowboy Showdown"]
[Site "SchemingMind.com"]
[Date "2010.06.02"]
[Round "-"]
[White "jtrochez1"]
[Black "Zeidan"]
[Result "0-1"]
[WhiteCountry "HON"]
[BlackCountry "LBN"]
[WhiteElo "1611"]
[WhiteRD "51"]
[BlackElo "2014"]
[BlackRD "69"]
[GameID "250705"]

1. e4 Nc6 2. Nf3 f5 3. d3 fxe4 4. dxe4 e5 5. Be3 Nf6 6. Bd3 Be7 7. Nc3 O-O 8. a3 d6 9. h3 Kh8 10. Qd2 Be6
11. Ng5 Bg8 12. Nd5 h6 13. Nxe7 Qxe7 14. Nf3 Bh7 15. Bxh6 gxh6 16. Qxh6 Qg7 17. Qxg7+ Kxg7 18. Ng5 Rae8 19. O-O-O Nd8 20. Nxh7 Kxh7
21. g4 Ne6 22. Rhf1 Nf4 23. Rh1 Nxd3+ 24. cxd3 Nd7 25. Rhf1 Rf3 26. h4 Ref8 27. Rd2 Nc5 28. Kc2 Ne6 29. b4 R8f4 30. Kc3 Rxe4
31. h5 Rxg4 32. a4 Rh4
0-1

[Event "Colorado Cowboy Showdown"]
[Site "SchemingMind.com"]
[Date "2010.06.02"]
[Round "-"]
[White "jtrochez1"]
[Black "Lars"]
[Result "1-0"]
[WhiteCountry "HON"]
[BlackCountry "SWE"]
[WhiteElo "1578"]
[WhiteRD "52"]
[BlackElo "1558"]
[BlackRD "66"]
[GameID "250706"]

1. e4 Nc6 2. Nf3 f5 3. d3 fxe4 4. dxe4 e5 5. Bc4 Nf6 6. Nc3 Bb4 7. Bd2 Bxc3 8. Bxc3 d6 9. Qe2 Qe7 10. h3 Be6
11. Bxe6 Qxe6 12. Ng5 Qe7 13. O-O-O O-O 14. Rhf1 Rad8 15. f3 Nh5 16. Qe3 Nf4 17. h4 Nxg2 18. Qd2 Nxh4 19. Qd5+ Kh8 20. Ne6 Rf6
21. Nxd8 Qxd8 22. f4 Rxf4 23. Rxf4 exf4 24. Rg1 f3 25. Rxg7 Ne5 26. Bxe5 Ng6 27. Rd7+ Nxe5 28. Rxd8+ Kg7 29. Qg8+ Kh6 30. Rf8 c5
31. Qe6+ Kh5 32. Qxd6 Nc6 33. Rf5+ Kg4 34. Qf4+ Kh3 35. Qxf3+ Kh4 36. Rh5#
1-0

[Event "Colorado Cowboy Showdown"]
[Site "SchemingMind.com"]
[Date "2010.06.04"]
[Round "-"]
[White "XTC"]
[Black "jtrochez1"]
[Result "1-0"]
[WhiteCountry "COL"]
[BlackCountry "HON"]
[WhiteElo "1863"]
[WhiteRD "62"]
[BlackElo "1611"]
[BlackRD "51"]
[GameID "250707"]

1. e4 Nc6 2. Nf3 f5 3. exf5 d5 4. Nh4 e5 5. fxe6 Qxh4 6. Bb5 Bc5 7. Qe2 Ne7 8. O-O Rf8 9. Nc3 Bd6 10. Bxc6+ bxc6
11. g3 Qh3 12. Re1 a5 13. d4 Ba6 14. Qd2 h6 15. Na4 Bb5 16. Nc5 Bxc5 17. dxc5 a4 18. b3 Nf5 19. c4 Ba6 20. cxd5 O-O-O
21. d6 cxd6 22. Qa5 Bb7 23. e7 Nxe7 24. Rxe7 Rd7 25. cxd6 Qf5 26. Re8+ Rxe8 27. Qxf5 Re1+ 28. Kg2 c5+ 29. Kh3 Be4 30. Qxc5+ Kd8
31. Bg5+ hxg5 32. Rxe1 Bf5+ 33. g4
1-0

[Event "Colorado Cowboy Showdown"]
[Site "SchemingMind.com"]
[Date "2010.06.04"]
[Round "-"]
[White "Clive Everill"]
[Black "jtrochez1"]
[Result "1-0"]
[WhiteCountry "CZE"]
[BlackCountry "HON"]
[WhiteElo "1649"]
[WhiteRD "50"]
[BlackElo "1559"]
[BlackRD "51"]
[GameID "250708"]

1. e4 Nc6 2. Nf3 f5 3. exf5 d5 4. Bb5 Bd7 5. Bxc6 Bxc6 6. Ne5 Nf6 7. Nxc6 bxc6 8. d3 Qd7 9. Qf3 e5 10. Nc3 Bb4
11. Bd2 d4 12. Ne4 Bxd2+ 13. Nxd2 O-O 14. O-O Nd5 15. g4 Nf4 16. Rfe1 Rae8 17. Ne4 h5 18. h3 hxg4 19. hxg4 g5 20. Qg3 Qh7
21. f3 Qh3 22. Qxh3 Nxh3+ 23. Kg2 Nf4+ 24. Kf2 Rf7 25. Nxg5 Rd7 26. Rh1 c5 27. Rh2 Rg7 28. Ne6 Nxe6 29. fxe6 Rxe6 30. Rah1 Ra6
31. a3 c6 32. Rh8+ Kf7 33. R1h6 c4 34. Rc8 c3 35. bxc3 Rg6 36. Rh7+ Ke6 37. Re8+ Kd5 38. Rd7+ Rd6 39. c4+ Kc5 40. Rxe5+
1-0

[Event "Colorado Cowboy Showdown"]
[Site "SchemingMind.com"]
[Date "2010.06.02"]
[Round "-"]
[White "lemmie"]
[Black "jtrochez1"]
[Result "1-0"]
[WhiteCountry "NED"]
[BlackCountry "HON"]
[WhiteElo "1728"]
[WhiteRD "58"]
[BlackElo "1611"]
[BlackRD "51"]
[GameID "250709"]

1. e4 Nc6 2. Nf3 f5 3. exf5 Nf6 4. d4 d5 5. Bd3 Ne4 6. Nh4 Nf6 7. Be2 e5 8. Bh5+ Kd7 9. Bg5 Be7 10. dxe5 Nxe5
11. Bxf6 Bxf6 12. Qxd5+ Ke7 13. Nc3 Qxd5 14. Nxd5+ Kd6 15. Nxf6 gxf6 16. O-O-O+ Ke7 17. Rhe1 Bd7 18. f4 Kd8 19. fxe5 fxe5 20. Rxe5 c6
21. f6 Kc7 22. f7 Rhf8 23. Re7 Rad8 24. Nf3 Kc8 25. Ne5 Bf5 26. Rxd8+
1-0

[Event "Colorado Cowboy Showdown"]
[Site "SchemingMind.com"]
[Date "2010.06.02"]
[Round "-"]
[White "memet"]
[Black "jtrochez1"]
[Result "1-0"]
[WhiteCountry "TUR"]
[BlackCountry "HON"]
[WhiteElo "1630"]
[WhiteRD "67"]
[BlackElo "1559"]
[BlackRD "51"]
[GameID "250710"]

1. e4 Nc6 2. Nf3 f5 3. Nh4 Nf6 4. Nxf5 e5 5. Bc4 d5 6. exd5 Nxd5 7. Qf3 Nf6 8. Nc3 Nd4 9. Nxd4 Qxd4 10. Bb3 c6
11. O-O Bg4 12. Qg3 O-O-O 13. Re1 Bd6 14. h3 Be6 15. Bxe6+ Kb8 16. Qxg7 Nh5 17. Qg4 Qxg4 18. Bxg4 Nf4 19. Ne4 h5 20. Nxd6 Rxd6
21. Bf3 Rg6 22. d3 Nxh3+ 23. Kf1 Nf4 24. Bxf4 exf4 25. Re7 h4 26. Rae1 h3 27. Re8+ Rxe8 28. Rxe8+ Kc7 29. Rh8 hxg2+ 30. Bxg2 Rf6
31. a4 Kb6 32. b4 a6 33. Rh7 f3 34. Bh3 Rf8 35. Be6 Ka7 36. Rf7 Rxf7 37. Bxf7 b5 38. a5 Kb7 39. c4 Kc7 40. Bh5 bxc4
41. dxc4 Kd6 42. Bxf3 c5 43. b5 axb5 44. cxb5 c4 45. Ke1 c3 46. Kd1
1-0

[Event "Colorado Cowboy Showdown"]
[Site "SchemingMind.com"]
[Date "2010.06.02"]
[Round "-"]
[White "Zeidan"]
[Black "jtrochez1"]
[Result "1-0"]
[WhiteCountry "LBN"]
[BlackCountry "HON"]
[WhiteElo "1981"]
[WhiteRD "86"]
[BlackElo "1603"]
[BlackRD "47"]
[GameID "250711"]

1. e4 Nc6 2. Nf3 f5 3. exf5 Nf6 4. d4 d5 5. Bd3 e6 6. fxe6 Bxe6 7. O-O h6 8. Re1 Kf7 9. Rxe6 Kxe6 10. Bg6 Bd6
11. Qe2+ Ne4 12. c4 Ne7 13. cxd5+ Kxd5 14. Qxe4+
1-0

[Event "Colorado Cowboy Showdown"]
[Site "SchemingMind.com"]
[Date "2010.06.02"]
[Round "-"]
[White "Lars"]
[Black "jtrochez1"]
[Result "0-1"]
[WhiteCountry "SWE"]
[BlackCountry "HON"]
[WhiteElo "1583"]
[WhiteRD "69"]
[BlackElo "1559"]
[BlackRD "51"]
[GameID "250712"]

1. e4 Nc6 2. Nf3 f5 3. e5 e6 4. d4 d5 5. c4 Bb4+ 6. Bd2 Bxd2+ 7. Nbxd2 Qe7 8. cxd5 exd5 9. Bd3 g6 10. O-O Bd7
11. Qb3 Na5 12. Qxd5 Nc6 13. Rfe1 O-O-O 14. Rac1 Be6 15. Qb5 Rd5 16. Qa4 Qb4 17. Qxb4 Nxb4 18. a3 Nxd3 19. Ng5 Nxe1 20. Rxe1 Kd7
21. Ngf3 h6 22. Nb3 Rb5 23. Re3 Bxb3 24. Nh4 Ne7 25. g3 Be6 26. Nf3 Rxb2 27. Kg2 g5 28. h4 g4 29. Ne1 Nd5 30. Rd3 f4
31. a4 fxg3 32. Rxg3 h5 33. Nd3 Ra2 34. Kg1 Rxa4 35. Nc5+ Ke7 36. Nxb7 Rxd4 37. Nc5 Nf4 38. Ra3 Rd1+ 39. Kh2 Ne2 40. Rxa7 Rc8
41. Ra6 Bd5 42. Rh6 Rh1#
0-1